Green Investment Efficiency Analysis bakalárska práca

Guardado en:
Detalles Bibliográficos
Autor principal: Farský, Samuel
Autor Corporativo: Fakulta podnikového manažmentu EU. Katedra podnikovohospodárska
Otros Autores: Grisáková, Nora, 1978-
Formato: Libro
Lenguaje:inglés
Publicado: Bratislava 2021
Etiquetas: Agregar Etiqueta
Sin Etiquetas, Sea el primero en etiquetar este registro!

MARC

LEADER 00000nbm a2200000 4500
001 0275849
005 20211118105109.4
041 0 |a eng 
044 |a SK 
245 1 0 |a Green Investment Efficiency Analysis  |b bakalárska práca  |c Samuel Farský ; školiteľ: Nora Grisáková 
264 1 |a Bratislava  |c 2021 
300 |a 51 s. 
100 1 |a Farský, Samuel 
700 1 |a Grisáková, Nora, 1978- 
710 2 |a Fakulta podnikového manažmentu EU. Katedra podnikovohospodárska